| 000 | 01226cam a22001814a 4500 | ||
|---|---|---|---|
| 005 | 20250605164036.0 | ||
| 008 | 250528s ||||||||||||||||||||||||d | ||
| 035 | _a16832 | ||
| 040 |
_aGR-AtMCL _bgre _dGR-AtMCL _eAACR2 |
||
| 245 | 1 | _aΟ Κόσμος του Ισλάμ / Παγκόσμιος Ιστορία Τέχνης | |
| 260 |
_bΧρυσός Τύπος, _c1977 |
||
| 300 | _a178 | ||
| 520 | _aΕισαγωγή, Η Ομευαδική Τέχνη, Οι Αββασίδες της Βαγδάτης και οι Τοπικές Δυναστείες στην Ανατολή, Οι Ομάδες της Ισπανίας, Οι Φατιμίδες, Η Τέχνη των Σελτζούκων Τούρκων στην Ανατολία, Η Τέχνη των Αταβέκων και των Αγιουβιδών, Η Μογγολική Περίοδος, Η Τέχνη των Μαμελούκων, Η Τέχνη των Νασριδών στην Ισπανία, Η Τιμουριδική Περίοδος, Η Τέχνη των Οθωμανών Τούρκων, Το Σαφαβιδικό Ιράν, Η Ισλαμική Τέχνη στην Ινδία. | ||
| 700 | 1 |
_aGrube Ernst J _92920 |
|
| 942 | _cBK | ||
| 999 |
_c2286 _d2286 |
||